Entry Nombre personal
001 - NÚMERO DE CONTROL
- campo de control: 110056
003 - IDENTIFICADOR DE NÚMERO DE CONTROL
- campo de control: OSt
005 - FECHA Y HORA DE LA ÚLTIMA TRANSACCIÓN
- campo de control: 20230222192722.0
008 - ELEMENTOS DE DATO DE LONGITUD-FIJA
- campo de control de longitud fija: 070508 n acnnnaaan n bnn d
040 ## - FUENTE DE CATALOGACIÓN
- Centro catalogador/agencia de origen: OSt
- Centro/agencia transcriptor: OSt
100 1# - ENCABEZAMIENTO-NOMBRE DE PERSONA
- Nombre de persona: Thomàs Sabater, Joan Maria
400 1# - TRAZADO DE VÉASE--NOMBRE DE PERSONA
- Nombre de persona: Thomàs, Joan Maria
400 1# - TRAZADO DE VÉASE--NOMBRE DE PERSONA
- Nombre de persona: Thomas, Juan María
400 1# - TRAZADO DE VÉASE--NOMBRE DE PERSONA
- Nombre de persona: Thomàs i Sabater, Joan M.
